[Event "Championnat de France Open A"]
[Site "CALVI"]
[Date "????.??.??"]
[Round "4.7"]
[White "Bekhouche, Christophe"]
[Black "De Lorenzi, Mathieu"]
[Result "1-0"]
[WhiteElo "1820"]
[BlackElo "1400"]
[PlyCount "105"]
[EventDate "2005.??.??"]
[SourceDate "2005.04.17"]

1. Nf3 Nc6 2. g3 e5 3. d3 d5 4. Bg2 Nf6 5. O-O Be7 6. c3 h6 7. b4 a6 8. Qb3 O-O
9. a3 b5 10. Rd1 Bb7 11. Bb2 Qd7 12. c4 Qe6 13. cxd5 Nxd5 14. e4 Nf4 15. Qxe6
Nxe6 16. Nxe5 Ncd4 17. Nd2 Bf6 18. Bxd4 Nxd4 19. Nd7 Ne2+ 20. Kf1 Bxa1 21. Nxf8
Nd4 22. Rxa1 Kxf8 23. Nf3 Nxf3 24. Bxf3 a5 25. Rc1 c6 26. e5 axb4 27. axb4 Ra4
28. Bxc6 Bxc6 29. Rxc6 Rxb4 30. Ke2 Rb2+ 31. Ke3 b4 32. d4 b3 33. d5 Ra2 34.
Rb6 b2 35. d6 g6 36. Rb8+ Kg7 37. d7 b1=Q 38. Rxb1 Ra8 39. Kd4 Rd8 40. Rb7 Kf8
41. Kd5 Ke7 42. f4 Rxd7+ 43. Rxd7+ Kxd7 44. g4 Ke7 45. f5 g5 46. e6 f6 47. Kc6
h5 48. gxh5 g4 49. h6 Kf8 50. e7+ Kxe7 51. h7 g3 52. hxg3 Ke8 53. h8=Q+ 1-0

[Event "Championnat de France Open A"]
[Site "CALVI"]
[Date "????.??.??"]
[Round "4.8"]
[White "Dellier, Thomas"]
[Black "Lajarge, Romain"]
[Result "1-0"]
[WhiteElo "1820"]
[BlackElo "1570"]
[PlyCount "75"]
[EventDate "2005.??.??"]
[SourceDate "2005.04.17"]

1. e4 c5 2. Nc3 Nc6 3. f4 d6 4. Nf3 Bg4 5. Bb5 Qd7 6. d3 a6 7. Bc4 e6 8. Be3
Be7 9. h3 Bxf3 10. Qxf3 Bf6 11. g4 b5 12. Bb3 Bxc3+ 13. bxc3 Nge7 14. O-O Na5
15. a3 Nxb3 16. cxb3 f6 17. e5 d5 18. Bxc5 Rc8 19. exf6 gxf6 20. Bd4 Rf8 21.
Qe3 f5 22. g5 Ng6 23. Rae1 Kf7 24. Bc5 Rfe8 25. d4 Rc6 26. Qe2 Qc7 27. Qf3 Kg8
28. Qg3 Rxc5 29. dxc5 Qxc5+ 30. Qe3 Qxa3 31. b4 e5 32. Ra1 Qb3 33. Rae1 Qc4 34.
Kh1 Re7 35. fxe5 Rxe5 36. Qd4 Qc6 37. Rxe5 Nxe5 38. Rxf5 1-0

[Event "Championnat de France Open A"]
[Site "CALVI"]
[Date "????.??.??"]
[Round "4.9"]
[White "Hourlier, Arnaud"]
[Black "Gabriel, Florent"]
[Result "0-1"]
[WhiteElo "1380"]
[BlackElo "1810"]
[PlyCount "54"]
[EventDate "2005.??.??"]
[SourceDate "2005.04.17"]

1. d4 d5 2. c4 c6 3. Nc3 dxc4 4. e4 b5 5. a4 b4 6. Na2 e6 7. Bxc4 a5 8. Nf3 Nf6
9. Bd3 Ba6 10. Bc2 Be7 11. Bd2 c5 12. dxc5 Bxc5 13. Nc1 Ng4 14. Be3 Qxd1+ 15.
Bxd1 Nxe3 16. fxe3 Bxe3 17. Nb3 Bb6 18. Ne5 O-O 19. Bg4 Rc8 20. Rd1 Rc2 21. Nd4
Rxb2 22. Be2 Bxd4 23. Rxd4 Rxe2+ 24. Kd1 g6 25. Rd6 Rxe4 26. Rd8+ Kg7 27. Nd7
Rd4+ 0-1

[Event "Championnat de France Open A"]
[Site "CALVI"]
[Date "????.??.??"]
[Round "4.10"]
[White "Bolla, Benjamin"]
[Black "Tripoz, Alexandre"]
[Result "1/2-1/2"]
[WhiteElo "1780"]
[BlackElo "1660"]
[PlyCount "123"]
[EventDate "2005.??.??"]
[SourceDate "2005.04.17"]

1. b4 e5 2. Bb2 f6 3. a3 d5 4. e3 Be6 5. Nf3 Nd7 6. d4 Bd6 7. Nfd2 Nb6 8. Nc3
c6 9. b5 Ne7 10. a4 O-O 11. a5 Nd7 12. bxc6 Nxc6 13. Nb5 Bb4 14. a6 b6 15. c3
Be7 16. Bd3 e4 17. Nxe4 dxe4 18. Bxe4 Na5 19. d5 Nc5 20. Bf3 Bf5 21. O-O Bd6
22. Nxd6 Qxd6 23. Ba3 Nc4 24. e4 Bg6 25. Bb4 Rfe8 26. Qd4 Ne5 27. Be2 Nf7 28.
f3 f5 29. Bb5 Re5 30. exf5 Rxd5 31. Qh4 Rxf5 32. Bc4 Rh5 33. Qg3 Qxg3 34. hxg3
Bd3 35. Bxd3 Nxd3 36. Rad1 Nxb4 37. cxb4 Rb5 38. Rd4 Kf8 39. f4 Rd8 40. Rc4 Rd7
41. Rfc1 Nd6 42. Rc7 Rxc7 43. Rxc7 Rxb4 44. Rxa7 Ra4 45. Ra8+ Kf7 46. a7 Ne8
47. Rb8 Rxa7 48. Rxb6 Nf6 49. Kh2 Ra5 50. Rb7+ Kg6 51. Rb6 h5 52. Re6 Kf5 53.
Rb6 Ng4+ 54. Kh3 Ra1 55. Rb5+ Kg6 56. Rb6+ Kh7 57. Kh4 g6 58. f5 gxf5 59. Kxh5
Ra5 60. Rb7+ Kg8 61. Kg6 Kf8 62. Rf7+ 1/2-1/2

[Event "Championnat de France Open A"]
[Site "CALVI"]
[Date "????.??.??"]
[Round "5.1"]
[White "Leroy, Olivier"]
[Black "Nakache, Elie"]
[Result "1-0"]
[WhiteElo "1950"]
[BlackElo "1750"]
[PlyCount "67"]
[EventDate "2005.??.??"]
[SourceDate "2005.04.17"]

1. e4 e5 2. Nc3 Nf6 3. Bc4 Bc5 4. d3 Nc6 5. Be3 Bb6 6. h3 d6 7. Qd2 Be6 8. Bb3
Qd7 9. Nge2 d5 10. exd5 Nxd5 11. Nxd5 Bxd5 12. Bxd5 Qxd5 13. O-O O-O-O 14. Bxb6
cxb6 15. Nc3 Qd7 16. Qe3 f6 17. a4 Rhe8 18. Rfb1 Nd4 19. Nb5 Kb8 20. Nxd4 Qxd4
21. Qg3 Re7 22. a5 bxa5 23. Rxa5 Qb4 24. Ra3 Qd2 25. Rba1 Qxc2 26. Rxa7 Rxd3
27. Qg4 Rd1+ 28. Rxd1 Kxa7 29. Ra1+ Kb8 30. Qb4 Qc7 31. Qa3 Kc8 32. Qd3 Qb6 33.
Ra8+ Kc7 34. Qd8+ 1-0

[Event "Championnat de France Open A"]
[Site "CALVI"]
[Date "????.??.??"]
[Round "5.2"]
[White "Roth, Antoine"]
[Black "Dellier, Thomas"]
[Result "0-1"]
[WhiteElo "1700"]
[BlackElo "1820"]
[PlyCount "98"]
[EventDate "2005.??.??"]
[SourceDate "2005.04.17"]

1. e4 c6 2. d4 d5 3. Nc3 dxe4 4. Nxe4 Nd7 5. Bc4 Ngf6 6. Qe2 Nxe4 7. Qxe4 Nf6
8. Qd3 g6 9. Nf3 Bf5 10. Qe2 Bg7 11. Bd3 Bg4 12. Be3 Nd5 13. O-O-O Nxe3 14.
Qxe3 Bxf3 15. Qxf3 Qxd4 16. c3 Bh6+ 17. Kb1 Qf4 18. Qxf4 Bxf4 19. g3 Bd6 20.
Rd2 O-O-O 21. Rhd1 Rd7 22. Bc4 Rf8 23. b4 b5 24. Bb3 Kc7 25. a4 a6 26. c4 Rfd8
27. c5 Be5 28. Rxd7+ Rxd7 29. Rxd7+ Kxd7 30. Kc2 e6 31. axb5 axb5 32. Ba2 Bd4
33. f3 Bg1 34. h3 Bh2 35. g4 Bg3 36. Kb3 Be1 37. Bb1 f5 38. Bd3 Ke7 39. Bc2 Kf6
40. Bd3 Ke5 41. Be2 Kd4 42. Bd1 Ke3 43. Ka3 e5 44. gxf5 gxf5 45. Bb3 e4 46.
fxe4 fxe4 47. Bd5 cxd5 48. c6 Bg3 49. h4 Kd3 0-1

[Event "Championnat de France Open A"]
[Site "CALVI"]
[Date "????.??.??"]
[Round "5.3"]
[White "Nolot, Vivien"]
[Black "Andre, Pier-Gil"]
[Result "1-0"]
[WhiteElo "1880"]
[BlackElo "1800"]
[PlyCount "95"]
[EventDate "2005.??.??"]
[SourceDate "2005.04.17"]

1. e4 e6 2. d4 d5 3. Nc3 Bb4 4. e5 c5 5. a3 Bxc3+ 6. bxc3 Ne7 7. f4 Qc7 8. Nf3
Bd7 9. Bd3 c4 10. Be2 Ba4 11. O-O Nbc6 12. Bd2 O-O 13. g4 Rfb8 14. Nh4 Ng6 15.
Ng2 Qd7 16. f5 exf5 17. gxf5 Nf8 18. Ra2 Re8 19. Bg4 Qd8 20. h4 g6 21. f6 Qb6
22. Be3 Nd8 23. Qf3 Qa5 24. Bd2 Nde6 25. Bh6 Reb8 26. Qe3 Qd8 27. h5 Rc8 28.
Nf4 Rc7 29. Nxe6 Nxe6 30. Rf2 Qe8 31. Rh2 Rb8 32. Ra1 Bd7 33. Rf1 Bc8 34. hxg6
fxg6 35. Bxe6+ Qxe6 36. f7+ Rxf7 37. Rxf7 Qg4+ 38. Rg2 Qxg2+ 39. Kxg2 Kxf7 40.
Qf4+ Ke7 41. Qf6+ Ke8 42. Qd6 Ra8 43. Bg5 Kf7 44. e6+ Bxe6 45. Qe7+ Kg8 46. Bh6
Bh3+ 47. Kxh3 Re8 48. Qg7# 1-0

[Event "Championnat de France Open A"]
[Site "CALVI"]
[Date "????.??.??"]
[Round "5.4"]
[White "Wojtkowski, Frederic"]
[Black "Draillard, Jean-Emmanuel"]
[Result "0-1"]
[WhiteElo "1849"]
[BlackElo "1760"]
[PlyCount "52"]
[EventDate "2005.??.??"]
[SourceDate "2005.04.17"]

1. e4 e6 2. d4 d5 3. e5 c5 4. c3 Qb6 5. Nf3 Nc6 6. Be2 cxd4 7. cxd4 Nh6 8. Nc3
Nf5 9. Bb5 Bd7 10. Bxc6 bxc6 11. O-O Be7 12. Rb1 O-O 13. Na4 Qc7 14. Bg5 f6 15.
exf6 gxf6 16. Bd2 e5 17. dxe5 fxe5 18. Bg5 Bd6 19. Nh4 e4 20. h3 Nxh4 21. Bxh4
{Diagramme #} 21... Bxh3 22. gxh3 Rf3 23. Qd2 Bf4 24. Qd4 Be5 25. Qd2 Kh8 26.
Bg3 Rg8 0-1

[Event "Championnat de France Open A"]
[Site "CALVI"]
[Date "????.??.??"]
[Round "5.5"]
[White "Legoupil, Benoit"]
[Black "Bekhouche, Christophe"]
[Result "0-1"]
[WhiteElo "1680"]
[BlackElo "1820"]
[PlyCount "82"]
[EventDate "2005.??.??"]
[SourceDate "2005.04.17"]

1. e4 c5 2. Nf3 a6 3. Nc3 e6 4. d4 cxd4 5. Nxd4 Qc7 6. a3 Nf6 7. Bg5 Be7 8. f4
d6 9. Nf3 Nbd7 10. h3 O-O 11. g4 b5 12. Nd2 Bb7 13. Bd3 Nc5 14. Rg1 Qb6 15. Rg3
h6 16. Bxh6 gxh6 17. g5 Nh7 18. Qh5 Nxd3+ 19. cxd3 Kh8 20. Qxh6 Rg8 21. Ke2 Rg6
22. Qh5 Rag8 23. Rag1 b4 24. axb4 Qxb4 25. h4 Bd8 26. f5 exf5 27. exf5 Re8+ 28.
Kd1 Qxb2 29. fxg6 fxg6 30. Qxg6 Bc6 31. d4 Ba5 32. Ndb1 {Diagramme #} 32... Re4
33. Qxe4 Bxe4 34. Nxe4 Qxb1+ 35. Ke2 Qxe4+ 36. Re3 Qxd4 37. g6 Qxe3+ 38. Kxe3
Bb6+ 39. Kf3 Bxg1 40. gxh7 Kxh7 41. Ke2 a5 {et gain noir au 62eme} 0-1

[Event "Championnat de France Open A"]
[Site "CALVI"]
[Date "????.??.??"]
[Round "5.6"]
[White "Gabriel, Florent"]
[Black "Friburger, Thibault"]
[Result "1/2-1/2"]
[WhiteElo "1810"]
[BlackElo "1680"]
[PlyCount "109"]
[EventDate "2005.??.??"]
[SourceDate "2005.04.17"]

1. d4 d6 2. Nf3 Nf6 3. Bg5 c6 4. c4 h6 5. Bh4 Bg4 6. Nc3 Nbd7 7. Bg3 Nh5 8. e3
Nxg3 9. hxg3 Qc7 10. Be2 e5 11. O-O Be7 12. Nh4 Bxe2 13. Qxe2 Nf6 14. Rac1 Qd7
15. Rfd1 e4 16. d5 g5 17. Nxe4 Nxe4 18. Qf3 gxh4 19. Qxe4 hxg3 20. c5 gxf2+ 21.
Kxf2 Kf8 22. cxd6 Qxd6 23. dxc6 Qf6+ 24. Kg1 Qe6 25. Qxe6 fxe6 26. cxb7 Rb8 27.
Rc8+ Kf7 28. Rdc1 Bd6 29. Kf2 Rf8 30. R1c6 Rxb7 31. Rxf8+ Bxf8 32. Rc2 Bg7 33.
b3 a5 34. Rc4 Rb4 35. Rc7+ Kg6 36. Rc6 Kf6 37. Ra6 a4 38. bxa4 Rb2+ 39. Kf3
Rxa2 40. Ra8 Kf5 41. a5 Ra3 42. g4+ Kg5 43. a6 Bd4 44. Ke4 Bxe3 45. Rg8+ Kf6
46. Rf8+ Ke7 47. Rf3 Rxa6 48. Rxe3 Ra4+ 49. Kf3 Kf6 50. Kg3 e5 51. Kh4 e4 52.
Kh5 Kg7 53. g5 Ra5 54. Rxe4 hxg5 55. Re6 1/2-1/2

[Event "Championnat de France Open A"]
[Site "CALVI"]
[Date "????.??.??"]
[Round "5.7"]
[White "Hab, Alexis"]
[Black "Genaudet, Maxime"]
[Result "1-0"]
[WhiteElo "1900"]
[BlackElo "1590"]
[PlyCount "51"]
[EventDate "2005.??.??"]
[SourceDate "2005.04.17"]

1. Nf3 f5 2. b3 Nf6 3. Bb2 e6 4. e3 Be7 5. Be2 O-O 6. c4 d6 7. d4 Qe8 8. Nbd2
Qf7 9. b4 Ne4 10. Bd3 Nxd2 11. Qxd2 Nd7 12. a4 Nf6 13. Qe2 Ne4 14. Nd2 Nxd2 15.
Kxd2 g5 16. g3 f4 17. gxf4 h6 18. Rhg1 Bf6 19. h4 Qe7 20. Qh5 Qf7 21. Qxh6 Rd8
22. Rxg5+ Bxg5 23. Rg1 Qd7 24. Rxg5+ Kf7 25. Rg7+ Ke8 26. Qh8# 1-0

[Event "Championnat de France Open A"]
[Site "CALVI"]
[Date "????.??.??"]
[Round "5.8"]
[White "Chauffert, Pierre"]
[Black "D'Elia, Anthony"]
[Result "0-1"]
[WhiteElo "1590"]
[BlackElo "1864"]
[PlyCount "60"]
[EventDate "2005.??.??"]
[SourceDate "2005.04.17"]

1. e4 d6 2. d4 Nf6 3. Nc3 c6 4. Nf3 Bg4 5. h3 Bh5 6. Bg5 Nbd7 7. Bd3 e5 8. g4
Bg6 9. dxe5 Nxe5 10. Nxe5 dxe5 11. Qf3 Be7 12. Bxf6 Bxf6 13. O-O-O Qa5 14. Bc4
O-O 15. h4 h6 16. h5 Bh7 17. Qe2 b5 18. Bb3 a6 19. Rhf1 c5 20. Bd5 Rab8 21. a3
b4 22. axb4 cxb4 23. Na2 b3 24. Bxb3 Rxb3 25. cxb3 Qxa2 26. Rd3 Bg5+ 27. Kc2
Rc8+ 28. Rc3 Rxc3+ 29. Kxc3 Qa5+ 30. Kc4 Qb5+ 0-1

[Event "Championnat de France Open A"]
[Site "CALVI"]
[Date "????.??.??"]
[Round "5.10"]
[White "Billon, Olivier"]
[Black "Lerat, Florent"]
[Result "1/2-1/2"]
[WhiteElo "1580"]
[BlackElo "1854"]
[PlyCount "107"]
[EventDate "2005.??.??"]
[SourceDate "2005.04.17"]

1. e4 d6 2. d4 g6 3. Nc3 Bg7 4. Be3 Nf6 5. f3 c6 6. Qd2 O-O 7. O-O-O b5 8. g4
h5 9. gxh5 Nxh5 10. Bh3 Bxh3 11. Nxh3 Nd7 12. Bh6 c5 13. Bxg7 Kxg7 14. dxc5
Nxc5 15. Qd4+ Kg8 16. Rhg1 Ne6 17. Qf2 Qa5 18. Kb1 Rfc8 19. Nd5 Kf8 20. Qh4 Qd8
21. f4 Nc7 22. Nxc7 Qxc7 23. Rd2 Ke8 24. f5 Kd7 25. fxg6 fxg6 26. Qg4+ Kc6 27.
Qxg6 Nf6 28. Qg2 Rg8 29. Qf3 Kb6 30. Rxg8 Rxg8 31. Qe3+ Kb7 32. Qd3 Qc6 33. Re2
Rg4 34. c3 Rxe4 35. Rxe4 Nxe4 36. Nf4 Nf2 37. Qd5 Qxd5 38. Nxd5 e6 39. Ne3 Nh3
40. Kc2 Kc6 41. b4 e5 42. Kd3 d5 43. a3 Nf4+ 44. Kd2 d4 45. cxd4 exd4 46. Nf5
Kd5 47. Ne7+ Kc4 48. Nc6 a6 49. Na5+ Kd5 50. h4 Ke4 51. Nc6 Kd5 52. Na5 Kd6 53.
Nb3 Kd5 54. Na5 1/2-1/2

[Event "Championnat de France Open A"]
[Site "CALVI"]
[Date "????.??.??"]
[Round "6.1"]
[White "Bekhouche, Christophe"]
[Black "Leroy, Olivier"]
[Result "0-1"]
[WhiteElo "1820"]
[BlackElo "1980"]
[PlyCount "58"]
[EventDate "2005.??.??"]
[SourceDate "2005.04.17"]

1. d4 Nf6 2. Nf3 g6 3. c4 Bg7 4. g3 d6 5. Bg2 O-O 6. O-O Nbd7 7. Nc3 c5 8. dxc5
Nxc5 9. Be3 Be6 10. Bxc5 dxc5 11. Qb3 Qc7 12. Rad1 h6 13. Ne1 Rab8 14. Nd3 a6
15. Nf4 Qe5 16. Nxe6 Qxe6 17. Rd3 b5 18. Re3 Qxc4 19. Qxc4 bxc4 20. Na4 $11 e6
21. Rc3 Rb4 22. Nxc5 Rxb2 23. Nxa6 Rc8 24. Rfc1 Rb6 25. Ra3 Nd5 26. Kf1 Bb2 27.
Bxd5 Bxc1 28. Rc3 exd5 29. Rxc1 Rxa6 0-1

[Event "Championnat de France Open A"]
[Site "CALVI"]
[Date "????.??.??"]
[Round "6.2"]
[White "Dellier, Thomas"]
[Black "Nolot, Vivien"]
[Result "0-1"]
[WhiteElo "1820"]
[BlackElo "1880"]
[PlyCount "52"]
[EventDate "2005.??.??"]
[SourceDate "2005.04.17"]

1. e4 e5 2. f4 exf4 3. Nf3 Be7 4. Bc4 Bh4+ 5. Kf1 d6 6. d3 Bg5 7. Nxg5 Qxg5 8.
Qf3 Nc6 9. Qxf4 Qh5 10. Nc3 Be6 11. Bb5 Nge7 12. Be3 O-O 13. Qg5 Qxg5 14. Bxg5
f5 15. Ke1 fxe4 16. Nxe4 a6 17. Bxe7 Nxe7 18. Ng5 Bd5 19. Bd7 h6 20. Be6+ Bxe6
21. Nxe6 Rf6 22. Nd4 Nd5 23. g3 c5 24. Ne2 Re8 25. Kd2 Rf2 26. Rae1 Ne3 0-1

[Event "Championnat de France Open A"]
[Site "CALVI"]
[Date "????.??.??"]
[Round "6.3"]
[White "D'Elia, Anthony"]
[Black "Draillard, Jean-Emmanuel"]
[Result "1/2-1/2"]
[WhiteElo "1864"]
[BlackElo "1760"]
[PlyCount "52"]
[EventDate "2005.??.??"]
[SourceDate "2005.04.17"]

1. d4 d5 2. e3 Nf6 3. c4 c6 4. Nf3 Bg4 5. Nc3 e6 6. a3 Bd6 7. Be2 Qc7 8. h3 Bh5
9. Bd2 Nbd7 10. cxd5 exd5 11. Rc1 Qd8 12. O-O Qe7 13. Qb3 Rb8 14. Rfe1 Bg6 15.
Na2 O-O 16. Bb4 Bxb4 17. Nxb4 Ne4 18. Na2 f5 19. Nc3 h6 20. Nxe4 fxe4 21. Nh2
Qf7 22. Rf1 Nb6 23. Ng4 Nd7 24. Qd1 Bf5 25. Nh2 Qg6 26. Bg4 Bxg4 1/2-1/2

[Event "Championnat de France Open A"]
[Site "CALVI"]
[Date "????.??.??"]
[Round "6.4"]
[White "Hab, Alexis"]
[Black "Nakache, Elie"]
[Result "1/2-1/2"]
[WhiteElo "1900"]
[BlackElo "1740"]
[PlyCount "139"]
[EventDate "2005.??.??"]
[SourceDate "2005.04.17"]

1. Nf3 d5 2. b3 e6 3. Bb2 Nf6 4. e3 Nc6 5. Bb5 Bd7 6. Bxc6 Bxc6 7. O-O Bd6 8.
d3 Qe7 9. Ne5 Bxe5 10. Bxe5 O-O-O 11. Nd2 Rhg8 12. c4 Nd7 13. Bg3 f6 14. cxd5
exd5 15. Nf3 Ne5 16. Nd4 Qf7 17. Bxe5 fxe5 18. Nxc6 bxc6 19. Qc2 Qg6 20. Qc5
Kb8 21. Rac1 Rd6 22. d4 exd4 23. Qxd4 Qe4 24. Qxe4 dxe4 25. Rc4 Rd2 26. a4 Rb2
27. b4 Re8 28. Rfc1 Re7 29. g3 Kb7 30. R1c2 Rxc2 31. Rxc2 Kb6 32. Rc4 Re5 33.
Kg2 g5 34. f4 exf3+ 35. Kxf3 h5 36. h4 g4+ 37. Kf4 Re7 38. Rc5 Rf7+ 39. Rf5 Rh7
40. e4 Rh6 41. e5 a5 42. bxa5+ Kxa5 43. Rf6 Rh7 44. Rxc6 Kxa4 45. Kf5 Kb5 46.
Rc1 c5 47. e6 Kc6 48. Ke5 Rh6 49. e7 Kd7 50. Rxc5 Kxe7 51. Rc7+ Kd8 $11 52. Rf7
Ra6 53. Rh7 Ra3 54. Rxh5 Rxg3 55. Kf4 Rg1 56. Rg5 g3 57. h5 Rf1+ 58. Ke3 Rh1
59. Kf3 Ke7 60. Kg2 Rh4 61. Kxg3 Rh1 62. Kf4 Kf6 63. Rg6+ Kf7 64. Kg5 Kf8 65.
Kh6 Rf1 66. Kh7 Kf7 67. h6 Rh1 68. Rg7+ Kf8 69. Rg8+ Kf7 70. Rg7+ 1/2-1/2

[Event "Championnat de France Open A"]
[Site "CALVI"]
[Date "????.??.??"]
[Round "6.5"]
[White "Roth, Antoine"]
[Black "Pradere, Anthony"]
[Result "1-0"]
[WhiteElo "1700"]
[BlackElo "1860"]
[PlyCount "101"]
[EventDate "2005.??.??"]
[SourceDate "2005.04.17"]

1. e4 c5 2. Nf3 d6 3. d4 cxd4 4. Qxd4 a6 5. Bg5 Nc6 6. Qd2 g6 7. Nc3 Bg7 8. Rd1
Bg4 9. Be2 Bxf3 10. Bxf3 Ne5 11. Be2 Nd7 12. O-O Ngf6 13. Bh6 O-O 14. Bxg7 Kxg7
15. f4 Rc8 16. Qe3 Qa5 17. g4 Qc5 18. Qxc5 Nxc5 19. Bf3 Rc7 20. g5 Ne8 21. Nd5
Rd7 22. Rd2 Ne6 23. h4 N8c7 24. f5 Nc5 25. f6+ exf6 26. Nxf6 Rdd8 27. Rfd1 Ne8
28. e5 b5 29. Nxe8+ Rdxe8 30. exd6 Na4 31. b3 Nc3 32. Ra1 Re6 33. Bg4 Re4 34.
Bf3 Re5 35. Rd3 Ne2+ 36. Bxe2 Rxe2 37. d7 Rd8 38. c4 bxc4 39. bxc4 Rc2 40. Re1
Kf8 41. Re4 Rxa2 42. c5 Rc2 43. Re5 Rc4 44. Rd6 a5 45. c6 a4 46. Ra5 Ke7 47.
Rf6 Rb8 48. Ra7 Rb2 49. Rxf7+ Ke6 50. Rf6+ Ke5 51. Ra5+ 1-0

[Event "Championnat de France Open A"]
[Site "CALVI"]
[Date "????.??.??"]
[Round "6.6"]
[White "Azouit, Remy"]
[Black "Tripoz, Alexandre"]
[Result "0-1"]
[WhiteElo "1830"]
[BlackElo "1660"]
[PlyCount "74"]
[EventDate "2005.??.??"]
[SourceDate "2005.04.17"]

1. e4 c5 2. Nf3 d6 3. c3 e6 4. d4 b6 5. Bf4 Nf6 6. Nbd2 Bb7 7. Bd3 d5 8. exd5
Nxd5 9. Bxb8 Qxb8 10. Bb5+ Kd8 11. Ne5 Qc7 12. O-O Bd6 13. Ndf3 Ke7 14. Re1 a6
15. Bc4 Rhe8 16. Bxd5 Bxd5 17. dxc5 Bxc5 18. Qd3 h6 19. Qd2 Rad8 20. Qf4 f6 21.
Ng6+ Kd7 22. Rad1 Kc8 23. Qa4 Qf7 24. Nf4 a5 25. Nxd5 exd5 26. Rxe8 Qxe8 27.
Qxe8 Rxe8 28. Rxd5 Re2 29. b3 Rxa2 30. h3 Bxf2+ 31. Kf1 Bc5 32. c4 Rf2+ 33. Ke1
Rxg2 34. Nh4 Rg3 35. Nf5 Rxh3 36. Nxg7 Rxb3 37. Rd1 Rg3 0-1

[Event "Championnat de France Open A"]
[Site "CALVI"]
[Date "????.??.??"]
[Round "6.7"]
[White "Feryn, Alexandre"]
[Black "Gabriel, Florent"]
[Result "1/2-1/2"]
[WhiteElo "1660"]
[BlackElo "1810"]
[PlyCount "67"]
[EventDate "2005.??.??"]
[SourceDate "2005.04.17"]

1. e4 c6 2. d4 d5 3. Nd2 dxe4 4. Nxe4 Bf5 5. Ng3 Bg6 6. f4 e6 7. Nf3 Nd7 8. Bd3
Ngf6 9. O-O Bxd3 10. Qxd3 Bd6 11. Re1 Qc7 12. Ne5 c5 13. Nxd7 Qxd7 14. d5 O-O
15. dxe6 fxe6 16. Qb3 Nd5 17. Ne4 Be7 18. g3 Rac8 19. c4 Nb4 20. a3 Qd4+ 21.
Be3 Qxe4 22. axb4 Rfd8 23. Bf2 Rd3 24. Rxe4 Rxb3 25. Rxe6 Bf8 26. bxc5 Bxc5 27.
Bxc5 Rxc5 28. Rxa7 Rxb2 29. Ra4 b5 30. Ra7 h6 31. Rg6 Rxc4 32. Raxg7+ Kf8 33.
Rg8+ Kf7 34. R8g7+ 1/2-1/2

[Event "Championnat de France Open A"]
[Site "CALVI"]
[Date "????.??.??"]
[Round "6.8"]
[White "Friburger, Thibault"]
[Black "Rochet, Hermes"]
[Result "0-1"]
[WhiteElo "1680"]
[BlackElo "1790"]
[PlyCount "112"]
[EventDate "2005.??.??"]
[SourceDate "2005.04.17"]

1. e4 c5 2. Nf3 d6 3. d4 cxd4 4. Nxd4 Nf6 5. Nc3 g6 6. Be3 Bg7 7. Be2 Nc6 8.
O-O O-O 9. Qd2 Bg4 10. f3 Nxd4 11. Bxd4 Be6 12. Be3 d5 13. exd5 Nxd5 14. Nxd5
Qxd5 15. Qxd5 Bxd5 16. Rfd1 Rfd8 17. c3 b6 18. Kf2 Bb7 19. Rxd8+ Rxd8 20. Rd1
Rxd1 21. Bxd1 e5 22. Bc2 Kf8 23. Bd2 Ke7 24. b3 f5 25. Bg5+ Bf6 26. Bxf6+ Kxf6
27. Ke3 $11 Ke6 28. c4 Kd6 29. b4 a5 30. a3 Ba6 31. Bb3 h6 32. g3 g5 33. Ba2
Bb7 34. Bb1 Ke6 35. Bc2 h5 36. f4 exf4+ 37. gxf4 g4 38. Kf2 h4 39. Bb1 Bc8 40.
Bc2 Kd6 41. Bd3 Ke6 42. Bc2 Kf6 43. Bb1 Kg6 44. Bc2 Kh5 45. Bd1 Kg6 46. Bc2 Kf6
47. Bb1 Ke6 48. Bc2 Kd6 49. Bd3 Be6 50. Be2 Bd7 51. Bd1 axb4 52. axb4 b5 53.
c5+ Kd5 54. Ke3 Kc4 55. Be2+ Kxb4 56. Kd4 Bc6 0-1

[Event "Championnat de France Open A"]
[Site "CALVI"]
[Date "????.??.??"]
[Round "6.9"]
[White "Bolla, Benjamin"]
[Black "De Lorenzi, Mathieu"]
[Result "1-0"]
[WhiteElo "1780"]
[BlackElo "1400"]
[PlyCount "107"]
[EventDate "2005.??.??"]
[SourceDate "2005.04.17"]

1. Nf3 Nf6 2. d4 g6 3. c4 Bg7 4. Nc3 d5 5. Bf4 e6 6. cxd5 Nxd5 7. Bg3 c5 8. e4
Nxc3 9. bxc3 cxd4 10. cxd4 Qa5+ 11. Qd2 Qxd2+ 12. Kxd2 Nc6 13. Bb5 Bd7 14. Rhd1
a6 15. Bxc6 Bxc6 16. Ke3 O-O 17. Ne5 Bb5 18. a4 Bh6+ 19. f4 Be8 20. Be1 a5 21.
Rdb1 g5 22. g3 Ra7 23. Ng4 Bg7 24. fxg5 f5 25. gxf6 Bxf6 26. Nxf6+ Rxf6 27. g4
Rg6 28. h3 h5 29. gxh5 Rf6 30. Bh4 Rf8 31. Rg1+ Kh7 32. Be7 Rf7 33. Bc5 Ra8 34.
Rg5 Rg7 35. Rxg7+ Kxg7 36. Rg1+ Kh6 37. Rg8 Kh7 38. Rf8 Rc8 39. Kf4 Kh6 40. Ke5
Kxh5 41. Kxe6 Rc6+ 42. Kf5 Bd7+ 43. Kf4 b6 44. Be7 Re6 45. Bg5 Kg6 46. d5 Rd6
47. Ke5 Rxd5+ 48. exd5 Kxg5 49. Rb8 Bxa4 50. Rxb6 Bd7 51. Kd6 Bxh3 52. Ra6 Kf6
53. Rxa5 Kf7 54. Kc7 1-0

[Event "Championnat de France Open A"]
[Site "CALVI"]
[Date "????.??.??"]
[Round "6.10"]
[White "Lerat, Florent"]
[Black "Sabo-Benke, Daniel"]
[Result "1/2-1/2"]
[WhiteElo "1854"]
[BlackElo "1620"]
[PlyCount "112"]
[EventDate "2005.??.??"]
[SourceDate "2005.04.17"]

1. e4 e5 2. Nf3 Nf6 3. Bc4 Nxe4 4. Qe2 d5 5. Bd3 Nf6 6. Qxe5+ Be7 7. O-O O-O 8.
Nc3 Nc6 9. Qe1 Re8 10. Bb5 Bd6 11. Qd1 Bd7 12. Bxc6 Bxc6 13. d3 h6 14. Nd4 Bd7
15. Ndb5 Bxb5 16. Nxb5 c6 17. Nxd6 Qxd6 18. c3 Rad8 19. Qf3 a6 20. Be3 Nd7 21.
Bf4 Ne5 22. Qg3 Qf6 23. d4 Ng6 24. Bc7 Rd7 25. Rae1 Rxe1 26. Rxe1 Re7 27. Be5
Qe6 28. Re3 Qf5 29. h4 Nxe5 30. Rxe5 Rxe5 31. Qxe5 Qxe5 32. dxe5 Kf8 33. f4 Ke7
34. Kf2 Ke6 35. Kf3 f6 36. exf6 Kxf6 37. g4 g6 38. g5+ hxg5 39. hxg5+ Kf5 40.
Ke3 c5 41. b3 d4+ 42. cxd4 cxd4+ 43. Kxd4 Kxf4 44. Kc5 Kxg5 45. Kb6 Kf5 46.
Kxb7 g5 47. Kxa6 g4 48. b4 g3 49. a4 g2 50. b5 g1=Q 51. b6 Qg6 52. Ka7 Qc6 53.
a5 Qd7+ 54. b7 Qd4+ 55. Ka8 Qd8+ 56. b8=Q Qxa5+ 1/2-1/2

[Event "Championnat de France Open A"]
[Site "CALVI"]
[Date "????.??.??"]
[Round "7.2"]
[White "Rochet, Hermes"]
[Black "Roth, Antoine"]
[Result "1-0"]
[WhiteElo "1790"]
[BlackElo "1700"]
[PlyCount "57"]
[EventDate "2005.??.??"]
[SourceDate "2005.04.17"]

1. e4 c6 2. d4 d5 3. exd5 cxd5 4. Bd3 Nc6 5. c3 Nf6 6. Nf3 Bg4 7. Nbd2 e6 8.
Qb3 Qc7 9. O-O Bd6 10. h3 Bh5 11. Re1 O-O-O 12. Qc2 h6 13. b4 g5 14. b5 Ne7 15.
Ne5 Bxe5 16. dxe5 Nd7 17. c4 Nxe5 18. c5 Nxd3 19. Qxd3 Bg6 20. Qa3 Qb8 21. Bb2
d4 22. c6 Nf5 23. cxb7+ Qxb7 24. Rac1+ Kb8 25. Nc4 Rd7 26. Na5 Qd5 27. Nc6+ Ka8
28. b6 Rb7 29. Nxa7 1-0

[Event "Championnat de France Open A"]
[Site "CALVI"]
[Date "????.??.??"]
[Round "7.3"]
[White "Draillard, Jean-Emmanuel"]
[Black "Bolla, Benjamin"]
[Result "1/2-1/2"]
[WhiteElo "1760"]
[BlackElo "1780"]
[PlyCount "129"]
[EventDate "2005.??.??"]
[SourceDate "2005.04.17"]

1. d4 d5 2. Nf3 Nf6 3. c4 e6 4. Nc3 c6 5. e3 Nbd7 6. Bd3 a6 7. O-O dxc4 8. Bxc4
b5 9. Bd3 c5 10. Bc2 Bb7 11. dxc5 Bxc5 12. Qe2 O-O 13. Rd1 Qc7 14. e4 Ng4 15.
Rf1 Bd6 16. h3 Nge5 17. Nxe5 Bxe5 18. Nd1 Rac8 19. Bd3 Nc5 20. Bd2 Rfd8 21. Bb1
Nxe4 22. Bxe4 Bxe4 23. Rc1 Qb7 24. Rxc8 Rxc8 25. Re1 f5 26. f3 Bd4+ 27. Kh1 Bd5
28. Bc3 Bc4 29. Qd2 Bxc3 30. Nxc3 b4 31. Ne2 Qb6 32. b3 Rd8 33. Qc1 Bxe2 34.
Rxe2 Qd6 35. Qe3 Kf7 36. Re1 Kf6 37. h4 h6 38. f4 Rc8 39. Rc1 Rxc1+ 40. Qxc1
$11 e5 41. fxe5+ Kxe5 42. Qe1+ Kf6 43. Qe2 Qc6 44. Kh2 a5 45. Qd2 Qc7+ 46. Kg1
Qc5+ 47. Kh2 Qe5+ 48. g3 Qb5 49. Qd6+ Kf7 50. Qc7+ Kg6 51. Qd6+ Kh7 52. Qd2 a4
53. bxa4 Qxa4 54. Qf2 g6 55. Qe2 Qd7 56. Qc2 Qd6 57. Qf2 Kg7 58. Qb2+ Kf7 59.
Qb3+ Kf6 60. Qb2+ Ke6 61. Qb3+ Ke5 62. Qe3+ Kd5 63. Qxh6 Kc4 64. Qc1+ Kb5 65.
Qf1+ 1/2-1/2